| 000 | 00435nam a2200157Ia 4500 | ||
|---|---|---|---|
| 008 | 240729s9999 xx 000 0 und d | ||
| 022 | _a2601-4661 | ||
| 245 | 0 | _aRomanian Journal of Oral Rehabilitation | |
| 260 | _aRomania | ||
| 260 | _bRomanian Society of Oral Rehabilitation | ||
| 650 | _a Dentistry | ||
| 650 | _aMedicine | ||
| 856 | _uhttps://doaj.org/toc/aeea36648ec9434b8e5c99e597e3637d | ||
| 942 | _2ddc | ||
| 942 | _cDOAJEJ | ||
| 999 |
_c71011 _d71011 |
||
| 945 |
_a1 _bMadushi Gamage _c1 _dMadushi Gamage |
||